| 000 | 00433nam a2200169Ia 4500 | ||
|---|---|---|---|
| 008 | 230524s9999 xx 000 0 und d | ||
| 020 | _a9780198078883 | ||
| 082 |
_a5.133 _bTHA |
||
| 100 |
_aReema Tharaja _942102 |
||
| 245 | 0 | _a"""Computer Fundamentals and Programming in C""" | |
| 250 | _a1 | ||
| 260 |
_aNew Delhi _bOxford _c2012 |
||
| 300 | _a"XVI,544p;" | ||
| 500 | _aQuantity Number: 1 | ||
| 650 | _aComp-Sc | ||
| 942 | _cBK | ||
| 999 |
_c56507 _d56507 |
||